Profile: Steve Jobs Quiz Stats

 Plays Quiz Updated Oct 5, 2017

Challenge
Share
Tweet
Embed
Score 0/20 Timer 04:00
1 Play Today
Hint Answer % Correct
Introduced this portable media player in 2001iPod
76.2%
Year Born1955
70.3%
Launched this computer with great fanfare at the Superbowl in 1984Macintosh
68%
In this stateCalifornia
67.2%
Introduced this device in 2007 that has since sold almost 100 million unitsiPhone
65.6%
Year Apple was founded1976
63.8%
Year he left Apple1985
57.2%
Year he returned to Apple1996
56.9%
Year of Death2011
41.3%
Purchased this company in 1986Pixar
39.1%
Hint Answer % Correct
Co-Founder of AppleSteve Wozniak/Ronald Wayne
35.9%
Credited as an executive producer on this movieToy Story
32.1%
Introduced the operating system in 2001OSX
27.3%
Location (city) of Apple HeadquartersCupertino
25.9%
Successor at AppleTim Cook
21.8%
Holds 7% of the stock and on the board of this companyWalt Disney Company
21.5%
Company he founded after AppleNeXT
18.4%
Alma materReed College
13.2%
Hired this former Pepsi CEO who later forced his resignation from AppleJohn Sculley
6.9%
Married toLaurene Powell
6.6%

You're not logged in!

Compare scores with friends on all Sporcle quizzes.
Join for Free
OR
Log In

You Might Also Like...

Show Comments

Extras

Top Quizzes Today


Score Distribution

Your Account Isn't Verified!

In order to create a playlist on Sporcle, you need to verify the email address you used during registration. Go to your Sporcle Settings to finish the process.

Report this User

Report this user for behavior that violates our Community Guidelines.

Details: